Shaykh Ahmad Sirhindi (Record no. 5600)

MARC details
000 -LEADER
fixed length control field 00703nam a2200265 a 4500
020 ## - INTERNATIONAL STANDARD BOOK NUMBER
ISBN
082 00 - DEWEY DECIMAL CLASSIFICATION NUMBER
Classification number 297.4
Author Cutter FRI
100 ## - MAIN ENTRY--AUTHOR NAME
Author name Friedmann, Yohnan
245 ## - TITLE STATEMENT
Title Shaykh Ahmad Sirhindi
Sub title an Outline of His Thought.....
260 ## - PUBLICATION, DISTRIBUTION, ETC. (IMPRINT)
Place of publication Montreal
Name of publisher Mcgill Univ.Inst.Of Islamic St.
Year of publication 1971
300 ## - PHYSICAL DESCRIPTION
Number of Pages 130p
500 ## - GENERAL NOTE
General note includes index and biblioraphy
505 2# - FORMATTED CONTENTS NOTE
Formatted contents note Illustrated, Map
650 ## - SUBJECT ADDED ENTRY--TOPICAL TERM
Topical Term Sirhindi, Shaikh Ahmed
650 ## - SUBJECT ADDED ENTRY--TOPICAL TERM
Topical Term Islam-Doctrines
650 ## - SUBJECT ADDED ENTRY--TOPICAL TERM
Topical Term Sufism-Sirhindi
942 ## - ADDED ENTRY ELEMENTS (KOHA)
Koha item type Books
700 1# -
-- Friedmann, Yohnan
Holdings
Home library Current library Date acquired Cost, normal purchase price Full call number Accession Number Koha item type
Henry Martyn Institute Library Henry Martyn Institute Library 09/11/2007 145.50 297.4 FRI 07624 E-Books
                   Copyright © 2026 | Henry Martyn Institute | Hyderabad | TS-500052 | INDIA | Implemented by hmi.edu.in
Hit-Count:

Powered by Koha